000 00512nam a2200181Ia 4500
003 GCL
008 140319s9999 xx 000 0 eng d
040 _aGCL /
_cGCL
082 0 4 _a778.53
_bH C
100 1 _aHART, DOUGLAS C
245 1 0 _aTHE CAMERA ASSISTANT: A COMPLETE PROFESSIONAL HANDBOOK /
_cHART, DOUGLAS C
260 _a[S.N] :
_bFOCAL PRESS ،
_c1995
300 _a421 P
650 0 4 _aCINEMATOGRAPHY
650 0 4 _aCINEMATOGRAPHY - HANDBOOKS
650 0 4 _aCINEMATOGRAPHY - MANUALS
942 _2ddc
_cBK
999 _c13325
_d13325